| 000 | 01050pam a2200277 a 4500 | ||
|---|---|---|---|
| 999 |
_c345976 _d345976 |
||
| 001 | 3031493 | ||
| 003 | NUST | ||
| 005 | 20180117090032.0 | ||
| 008 | 950608s1996 maua b 001 0 eng | ||
| 010 | _a 95000697 | ||
| 020 | _a0201609819 | ||
| 040 |
_aDLC _cDLC _dDLC |
||
| 050 | 0 | 0 |
_aHB172 _b.P24 1996 |
| 082 | 0 | 0 |
_a338.5 _220 |
| 100 | 1 |
_aParkin, Michael, _d1939- _98010 |
|
| 245 | 1 | 0 |
_aMicroeconomics / _cMichael Parkin. |
| 250 | _a3rd ed. | ||
| 260 |
_aReading, Mass. : _bAddison-Wesley Pub. Co., _cc1996. |
||
| 300 |
_axxxi, 592 p. : _bcol. ill. ; _c25 cm. |
||
| 504 | _aIncludes bibliographical references and index. | ||
| 650 | 0 |
_aMicroeconomics. _98011 |
|
| 906 |
_a7 _bcbc _corignew _d1 _eocip _f19 _gy-gencatlg |
||
| 942 |
_2ddc _cBK |
||